Temas de Jurisdicción Constitucional Chilena y Sudamericana

محفوظ في:
التفاصيل البيبلوغرافية
المؤلف الرئيسي: Nogueira Alcalá, Humberto (coordinador)
التنسيق: غير معروف
اللغة:الإسبانية
منشور في: Valencia, España Tirant lo Blanch 2019
الموضوعات:
الوسوم: إضافة وسم
لا توجد وسوم, كن أول من يضع وسما على هذه التسجيلة!

MARC

LEADER 00000 a2200000 4500
003 CL-VaPUC
005 20230125174949.0
008 200318t2019 ||||| |||| 00| 0 eng d
999 |c 422652  |d 422650 
020 |a 9788413361277 
040 |c Pontificia Universidad Católica de Valparaíso 
041 0 |a spa 
082 0 4 |2 21  |a 342.0413 NOG 2019 
100 |a Nogueira Alcalá, Humberto  |e coordinador  |9 876108 
245 |a Temas de Jurisdicción Constitucional Chilena y Sudamericana 
260 |b Tirant lo Blanch  |c 2019  |a Valencia, España 
300 |a 263 p 
583 |k Hugo Gaete  |c 20200318 
650 0 0 |a JURISDICCION CONSTITUCIONAL  |9 737685 
650 0 0 |a Derecho constitucional   |9 222588 
650 0 0 |a Tribunal constitucional   |9 255000 
942 |2 ddc  |c BK 
952 |0 0  |1 0  |2 ddc  |4 0  |6 342_041300000000000_NOG_2019  |7 0  |9 560966  |a BIBDER  |b BIBDER  |d 2020-03-10  |e 22  |g 25500.00  |i 5573831  |o 342.0413 NOG 2019  |p 5573831  |r 2023-01-25  |t 1  |v 25500.00  |w 2020-03-10  |y BK  |k DER